| Tag |
First Indicator |
Second Indicator |
Subfields |
| LEADER |
00000cam a2200000 4500 |
| 001 |
in00000706113 |
| 005 |
20151016054047.0 |
| 008 |
750905s1948 nyu 00011 eng |
| 010 |
|
|
|a 48001163
|
| 035 |
|
|
|a (OCoLC)01601622
|
| 035 |
|
|
|9 ADC2928AM
|
| 040 |
|
|
|a DLC
|c DZM
|d TXA
|d UtOrBLW
|
| 049 |
|
|
|a TXAM
|c [154831]
|
| 050 |
0 |
0 |
|a PZ3.J71654
|b Th
|
| 090 |
|
|
|a PS3519.O424
|b T43 1948
|
| 092 |
|
|
|a 813
|b J772t
|
| 100 |
1 |
|
|a Jones, Guy Pearce.
|
| 245 |
1 |
0 |
|a There was a little man /
|c by Guy Pearce Jones and Constance Bridges Jones.
|
| 264 |
|
1 |
|a New York :
|b Random House,
|c [1948]
|
| 264 |
|
4 |
|c ©1948
|
| 300 |
|
|
|a 245 pages ;
|c 22 cm.
|
| 336 |
|
|
|a text
|b txt
|2 rdacontent
|
| 337 |
|
|
|a unmediated
|b n
|2 rdamedia
|
| 338 |
|
|
|a volume
|b nc
|2 rdacarrier
|
| 700 |
1 |
|
|a Jones, Constance Bridges.
|
| 999 |
|
|
|a MARS
|
| 999 |
f |
f |
|s 5ee9d63b-074a-31e1-be99-57768a85688d
|i 76f61916-4a97-3df2-8869-6c04ab0fabdf
|t 0
|
| 952 |
f |
f |
|p ric
|a Texas A&M University
|b Rellis Campus
|c Joint Library Facility
|d Remote Storage
|t 0
|e PS3519.O424 T43 1948
|h Library of Congress classification
|i unmediated -- volume
|m A14801242369
|
| 998 |
f |
f |
|a PS3519.O424 T43 1948
|t 0
|l Remote Storage
|